| 000 | 00648cam a22002051 4500 | ||
|---|---|---|---|
| 001 | ne 64001150 | ||
| 003 | DLC | ||
| 005 | 20260227111759.0 | ||
| 008 | 900723s1963 ua 000 0 ararc | ||
| 010 | _ane 64001150 | ||
| 025 | _aPL480:UAR-4045 | ||
| 035 | _a(OCoLC)22123529 | ||
| 040 |
_aPrinceton Univ. Libr. _cWaU _dDLC |
||
| 050 | 0 | 0 |
_aPJ6111 _b.M8 1963 |
| 100 | 1 | _aMurjān, Muḥammad Aḥmad. | |
| 245 | 1 | 0 |
_aMiftāḥ al-iʻrāb, _ctaʼlīf Muḥammad Aḥmad Murjān. |
| 250 | _aal-Ṭabʻah al-rābiʻah, mazīdah muhadhdhabah. | ||
| 260 |
_a[al-Qāhirah] _bMuḥammad ʻAlī Ṣubayḥ, _c1963. |
||
| 650 | 0 |
_aArabic language _xGrammar. |
|
| 999 |
_c46991 _d46991 |
||